[Event "US Open-111"]
[Site "Irvine"]
[Date "2010.08.05"]
[Round "?"]
[White "Stein, Jeremy A"]
[Black "Bantic, Mihail"]
[Result "1/2-1/2"]
[WhiteElo "2066"]
[BlackElo "2189"]
[PlyCount "85"]
[EventDate "2010.07.31"]
[EventType "swiss"]
[EventRounds "9"]
[EventCountry "USA"]
[SourceTitle "CBM 137 Extra"]
[Source "ChessBase"]
[SourceDate "2010.09.01"]
[SourceVersion "1"]
[SourceVersionDate "2010.09.01"]
[SourceQuality "1"]

1. d4 d5 2. c4 c6 3. Nf3 Nf6 4. e3 e6 5. Nbd2 Nbd7 6. Bd3 g6 7. 0-0 Bg7 8. e4 dxe4 9. Nxe4 Nxe4 10. Bxe4 Nf6 11. Bc2 0-0 12. Qe2 b6 13. Rd1 Bb7 14. Ne5 Qc7 15. f4 Rad8 16. Be3 Nh5 17. Rf1 c5 18. Rad1 cxd4 19. Bxd4 Rd6 20. Bc3 Rfd8 21. Rxd6 Qxd6 22. Qe3 Bxe5 23. Qxe5 Qxe5 24. Bxe5 f6 25. Bc3 Kf7 26. g4 Ng7 27. Rd1 Rxd1+ 28. Bxd1 Ne8 29. Bb4 g5 30. fxg5 fxg5 31. Kf2 Nf6 32. Bf3 Bc8 33. Bd2 h6 34. h3 e5 35. Be3 Be6 36. Be2 Ne4+ 37. Kf3 Nd6 38. b3 Bd7 39. Kf2 Ne4+ 40. Ke1 Nc3 41. a3 Nxe2 42. Kxe2 Bc6 43. Kf2 1/2-1/2

[Event "Richardson UTD IM"]
[Site "Richardson"]
[Date "2008.11.26"]
[Round "2"]
[White "Bantic, Mihail"]
[Black "Kiewra, Keaton F"]
[Result "1-0"]
[WhiteElo "2195"]
[BlackElo "2380"]
[PlyCount "46"]
[EventDate "2008.11.26"]
[EventType "tourn"]
[EventRounds "9"]
[EventCountry "USA"]
[EventCategory "2"]
[SourceTitle "CBM 127 Extra"]
[Source "ChessBase"]
[SourceDate "2009.01.08"]
[SourceVersion "2"]
[SourceVersionDate "2009.01.28"]
[SourceQuality "1"]

1. d4 Nf6 2. c4 g5 3. Nc3 Bg7 4. e4 d6 5. f3 0-0 6. Be3 e5 7. d5 c6 8. Bd3 cxd5 9. cxd5 Nbd7 10. Nge2 a6 11. 0-0 b5 12. b4 Nb6 13. a4 Nc4 14. Bxc4 bxc4 15. b5 axb5 16. axb5 Rxa1 17. Qxa1 Nh5 18. b6 f5 19. Rb1 Bb7 20. Qa7 Qd7 21. Nb5 fxe4 22. fxe4 Nf4 23. Ng3 Bh6 1-0

[Event "US Open-109"]
[Site "Dallas"]
[Date "2008.08.08"]
[Round "7"]
[White "Bantic, Mihail"]
[Black "Lahiri, Atanu"]
[Result "1/2-1/2"]
[WhiteElo "2192"]
[BlackElo "2338"]
[PlyCount "63"]
[EventDate "2008.08.02"]
[EventType "swiss"]
[EventRounds "9"]
[EventCountry "USA"]
[SourceTitle "CBM 125 Extra"]
[Source "ChessBase"]
[SourceDate "2008.09.01"]
[SourceVersion "1"]
[SourceVersionDate "2008.09.01"]
[SourceQuality "1"]

1. d4 Nf6 2. c4 c5 3. d5 e6 4. Nc3 exd5 5. Nxd5 Nxd5 6. Qxd5 d6 7. Nf3 Nc6 8. Bg5 Qa5+ 9. Bd2 Qc7 10. Qe4+ Qe7 11. Qxe7+ Bxe7 12. Bc3 0-0 13. e3 Be6 14. Be2 d5 15. cxd5 Bxd5 16. 0-0 Rfd8 17. b3 Rd7 18. Bb5 f6 19. Rfe1 a6 20. Bf1 Rad8 21. e4 Bf7 22. e5 fxe5 23. Nxe5 Nxe5 24. Rxe5 Bf8 25. Ba5 Rd1 26. Re1 Rxa1 27. Rxa1 Rc8 28. Bc4 Rc6 29. Rd1 Rd6 30. Rxd6 Bxd6 31. Bxf7+ Kxf7 32. Bc3 1/2-1/2

[Event "Senta op-A 10th"]
[Site "Senta"]
[Date "2006.07.25"]
[Round "6"]
[White "Bantic, Mihail"]
[Black "Ruzicic, Sinisa"]
[Result "1-0"]
[WhiteElo "2225"]
[BlackElo "2101"]
[PlyCount "103"]
[EventDate "2006.07.21"]
[EventType "swiss"]
[EventRounds "9"]
[EventCountry "YUG"]
[SourceTitle "CBM 113 Extra"]
[Source "ChessBase"]
[SourceDate "2006.09.14"]
[SourceVersion "1"]
[SourceVersionDate "2006.09.14"]
[SourceQuality "1"]

1. d4 Nf6 2. c4 e6 3. Nf3 d5 4. cxd5 exd5 5. Nc3 Be7 6. Bg5 c6 7. e3 Ne4 8. Bxe7 Qxe7 9. Nxe4 dxe4 10. Ne5 Qb4+ 11. Qd2 Qxd2+ 12. Kxd2 Nd7 13. Nc4 0-0 14. Nd6 Nf6 15. Bc4 Bg4 16. h3 Bh5 17. g4 Bg6 18. Nxb7 Rab8 19. Ba6 Nd5 20. b3 Nb4 21. Nc5 Nxa6 22. Nxa6 Rbd8 23. Nc5 Rxd4+ 24. Kc3 f5 25. g5 Kf7 26. h4 Bh5 27. Rh2 Ke7 28. b4 Rdd8 29. Rhh1 Rb8 30. Rhe1 Kd6 31. a4 Bf7 32. Rab1 Rb6 33. Rb2 Rfb8 34. Reb1 Bd5 35. h5 Rf8 36. b5 f4 37. Re1 Rbb8 38. h6 g6 39. f3 Rbe8 40. fxe4 Bxe4 41. exf4 Rxf4 42. Re3 cxb5 43. Rxb5 Rc8 44. Ra5 Rc7 45. Kc4 Bd5+ 46. Kd3 Rff7 47. Re8 Bc6 48. Ra6 Rce7 49. Rxe7 Rxe7 50. Ne4+ Kc7 51. Rxa7+ Bb7 52. Nc5 1-0

[Event "Senta op 9th"]
[Site "Senta"]
[Date "2005.07.21"]
[Round "8"]
[White "Bantic, Mihail"]
[Black "Nestorovic, Nikola"]
[Result "0-1"]
[WhiteElo "2119"]
[BlackElo "2320"]
[PlyCount "62"]
[EventDate "2005.07.15"]
[EventType "swiss"]
[EventRounds "9"]
[EventCountry "SRB"]
[SourceTitle "EXT 2023"]
[Source "ChessBase"]
[SourceDate "2022.10.05"]
[SourceVersion "1"]
[SourceVersionDate "2022.10.05"]
[SourceQuality "1"]

1. c4 Nf6 2. Nc3 c5 3. Nf3 b6 4. g3 Bb7 5. Bg2 e6 6. b3 Be7 7. 0-0 d6 8. Bb2 0-0 9. Re1 a6 10. d3 Nbd7 11. e4 Qc7 12. Qe2 Rfe8 13. Rad1 Bf8 14. d4 cxd4 15. Nxd4 g6 16. Na4 Bg7 17. Nf3 Bxe4 18. Qd2 Qb7 19. Re3 Ne5 20. Bxe5 dxe5 21. Rde1 Bh6 22. Nh4 Bxg2 23. Nxg2 Ng4 24. Qd6 Nxe3 25. Nxe3 b5 26. Ng4 Bg7 27. Nc5 Qe7 28. Ne4 f5 29. Ngf6+ Bxf6 30. Nxf6+ Qxf6 31. Rxe5 Rad8 0-1

[Event "Belgrade Spring op"]
[Site "Belgrade"]
[Date "2005.03.27"]
[Round "3"]
[White "Djurdjevic, Petar S"]
[Black "Bantic, Mihail"]
[Result "0-1"]
[WhiteElo "2056"]
[BlackElo "2119"]
[PlyCount "122"]
[EventDate "2005.03.25"]
[EventType "swiss"]
[EventRounds "9"]
[EventCountry "YUG"]
[SourceTitle "CBM 105 Extra"]
[Source "ChessBase"]
[SourceDate "2005.05.01"]
[SourceVersion "1"]
[SourceVersionDate "2005.05.01"]
[SourceQuality "1"]

1. c4 Nf6 2. Nc3 g6 3. Nf3 Bg7 4. e4 d6 5. d4 0-0 6. Be2 c5 7. 0-0 cxd4 8. Nxd4 Nc6 9. Nc2 Nd7 10. Be3 b6 11. Qd2 Re8 12. Rac1 Bb7 13. f3 Rc8 14. b3 Nf8 15. Nd5 e6 16. Nc3 Qe7 17. Rfe1 Red8 18. Nd4 Bf6 19. Bf1 Nxd4 20. Bxd4 e5 21. Be3 Ne6 22. Nd5 Bxd5 23. exd5 Ng7 24. g4 Bh4 25. Re2 Rf8 26. f4 f6 27. Bh3 Rce8 28. f5 g5 29. Bg2 h5 30. h3 hxg4 31. hxg4 Rc8 32. Bf3 Ne8 33. Be4 Rf7 34. Rg2 Rh7 35. Kf1 Qb7 36. Qb4 Rd7 37. a4 Nc7 38. Qd2 a5 39. Ke2 Na6 40. Rh1 Rh7 41. Rgh2 Rcc7 42. Kf3 Nc5 43. Bc2 Qa7 44. Kg2 Qa8 45. Rb1 Qe8 46. Rhh1 Qd7 47. Qd1 Qc8 48. Qe2 Qd7 49. Ra1 Rb7 50. Rhb1 Na6 51. Bd2 Qc8 52. Be3 Nb4 53. Bd1 Qf8 54. Bd2 Qh6 55. Bxb4 axb4 56. Bc2 Be1 57. Rxe1 Qh2+ 58. Kf1 Qh1+ 59. Kf2 Rh2+ 60. Kg3 Rbh7 61. Rxh1 R7h3# 0-1

[Event "Belgrade Trophy 18th"]
[Site "Obrenovac"]
[Date "2005.??.??"]
[Round "7"]
[White "Jovicic, Radosav"]
[Black "Bantic, Mihail"]
[Result "0-1"]
[WhiteElo "2291"]
[BlackElo "2119"]
[PlyCount "132"]
[EventDate "2005.11.22"]
[EventType "swiss"]
[EventRounds "9"]
[EventCountry "YUG"]
[SourceTitle "CBM 109 Extra"]
[Source "ChessBase"]
[SourceDate "2006.01.03"]
[SourceVersion "2"]
[SourceVersionDate "2006.01.03"]
[SourceQuality "1"]

1. d4 d5 2. e3 Nf6 3. Bd3 g6 4. c4 c6 5. Nc3 Bg7 6. Qb3 0-0 7. Bd2 dxc4 8. Bxc4 b5 9. Be2 a5 10. Nf3 Nbd7 11. 0-0 Nb6 12. Ne5 b4 13. Na4 Nxa4 14. Qxa4 c5 15. Rfd1 Ne4 16. Be1 Qc7 17. f4 cxd4 18. Rac1 Qb6 19. exd4 Bxe5 20. fxe5 Rd8 21. Qc6 Qxc6 22. Rxc6 Be6 23. Rxe6 fxe6 24. Bf3 Ng5 25. Bxa8 Rxa8 26. Bh4 Nf7 27. Bxe7 Rc8 28. Rd2 Nh6 29. Bc5 Nf5 30. Rd3 h5 31. g3 g5 32. Kf2 g4 33. Ke2 a4 34. Rd2 Rb8 35. Kd3 b3 36. a3 Kf7 37. Re2 Kg6 38. Kc4 Rd8 39. Re4 Kg5 40. Kb5 Ra8 41. d5 exd5 42. Rxa4 Re8 43. Bd4 h4 44. gxh4+ Kxh4 45. Bc3 Kh3 46. Rf4 d4 47. Bxd4 Nxd4+ 48. Rxd4 Rxe5+ 49. Kb4 Re2 50. Kxb3 Rxh2 51. a4 g3 52. Rd8 g2 53. Rg8 Rh1 54. a5 g1Q 55. Rxg1 Rxg1 56. Kb4 Kg4 57. Kb5 Kf5 58. b4 Ke6 59. Kc6 Rc1+ 60. Kb6 Kd7 61. b5 Kc8 62. Ka7 Rc5 63. Kb6 Rc7 64. a6 Kb8 65. Ka5 Rc1 66. b6 Rb1 0-1